Sathyam sivam sundaram / (Record no. 42398)
[ view plain ]
| 000 -LEADER | |
|---|---|
| fixed length control field | 00810nam a22002177a 4500 |
| 005 - DATE AND TIME OF LATEST TRANSACTION | |
| control field | 20100818124142.0 |
| 010 ## - LCCN (DPL NO) | |
| LC control number | ENG-100830 |
| 020 ## - INTERNATIONAL STANDARD BOOK NUMBER | |
| International Standard Book Number | 9788172085391 (set) |
| 020 ## - INTERNATIONAL STANDARD BOOK NUMBER | |
| International Standard Book Number | 9788172087210 (V.1) |
| Terms of availability | 131.00 |
| 035 ## - SYSTEM CONTROL NUMBER | |
| System control number | EN-84363 |
| 037 ## - SOURCE OF ACQUISITION | |
| Source of stock number/acquisition | DBAD/PUB |
| 082 ## - DEWEY DECIMAL CLASSIFICATION NUMBER | |
| Classification number | 230.35 |
| 100 ## - MAIN ENTRY--PERSONAL NAME | |
| Personal name | Kasturi, N. |
| 245 ## - TITLE STATEMENT | |
| Title | Sathyam sivam sundaram / |
| Statement of responsibility, etc | by N. Kasturi |
| 260 ## - PUBLICATION, DISTRIBUTION, ETC. (IMPRINT) | |
| Place of publication, distribution, etc | Prasanthi Nilayam |
| Name of publisher, distributor, etc | Sri Sathya Sai Sadhana Trust |
| Date of publication, distribution, etc | 2009 |
| 270 ## - ADDRESS | |
| Address | Anantapur District |
| City | Prasanthi Nilayam |
| Postal code | 515134 |
| 300 ## - PHYSICAL DESCRIPTION | |
| Extent | 371p. |
| Dimensions | 21cm (pbk) |
| Accompanying material | photos |
| 505 ## - FORMATTED CONTENTS NOTE | |
| Formatted contents note | V.1- Life story of Bhagawan Sri Sathya Sai Baba 1926-1961 |
| 942 ## - ADDED ENTRY ELEMENTS (KOHA) | |
| Source of classification or shelving scheme | Dewey Decimal Classification |
| Item type | English Books |
| Classification part | 230.35 |
| Call number suffix | KAS |
| Withdrawn status | Lost status | Materials specified (bound volume or other part) | Not for loan | Collection code | Home library | Current library | Date acquired | Source of acquisition | Cost, normal purchase price | Full call number | Barcode | Copy number | Cost, replacement price | Koha item type | Public note |
|---|---|---|---|---|---|---|---|---|---|---|---|---|---|---|---|
| V.1 | Not For Loan | Non-fiction | D.B.Act.Division | D.B.Act.Division | 18/08/2010 | DBAD/PUB | 131.00 | 230.35 KAS | EN-84363 | 1 | 131.00 | English Books | V.1 |
